000 00819nam a2200145Ia 4500
008 220216s9999 xx 000 0 und d
100 _aMathews A Saji
245 0 _aRubber price: Major upturn in global NR prices not imminent
260 _bRubber Asia
_c2013
300 _a82-86
520 _athe dull setiment in global natural rubber(NR) market is likely to continue for some more time in the baxkdrop of the weakening demand for the commodity. NR physical prices have been falling in the first half of 2013. Concerns over weak demand on continuing fragility in the global economic recovery as well as the negative sentiments on account of high levels of stocks in China and producing coountries indicate that a major upturn in prices is not imminent.
650 _aIRSG
650 _aNatural rubber
942 _cJS
999 _c67909
_d67909